[Event "VI Torneo IRT Cerrado Maspalomas 2013 Grupo B "]
[Site "San Bartolomé de Tirajana, Gran Canaria, España."]
[Date "2013.07.18"]
[Round "2.3"]
[White "Morales Sanchez, Domingo"]
[Black "Gonzalez Acosta, Pablo"]
[Result "1/2-1/2"]
[WhiteElo "1468"]
[BlackElo "1649"]
[PlyCount "0"]
[EventDate "2013.07.16"]

1. e4 c5 2. Nf3 d6 3. d4 cxd4 4. Nxd4 Nf6 5. Nc3 g6 6. Be3 Bg7 7. Be2 a6 8. O-O
O-O 9. Nb3 b5 10. a3 Bb7 11. Bd3 Nc6 12. Re1 Qc7 13. Nd5 Nxd5 14. exd5 Ne5 15.
Be4 Nc4 16. Bd4 Bxd4 17. Qxd4 Ne5 18. Rac1 Qc4 19. Rcd1 Qxd4 20. Rxd4 Rac8 21.
Na5 Ba8 22. Nc6 Bxc6 23. dxc6 Nxc6 24. Bxc6 Rxc6 25. Rxe7 Rxc2 26. Kf1 Rxb2 27.
Rxd6 Rc8 28. Rxa6 Rc1+ 29. Re1 Rxe1+ 30. Kxe1 1/2-1/2

[Event "VI Torneo IRT Cerrado Maspalomas 2013 Grupo B "]
[Site "San Bartolomé de Tirajana, Gran Canaria, España."]
[Date "2013.07.18"]
[Round "2.4"]
[White "Jimenez Mendoza, Jose Miguel"]
[Black "Monzon Aleman, Ayoze"]
[Result "1/2-1/2"]
[WhiteElo "1743"]
[BlackElo "1743"]
[PlyCount "0"]
[EventDate "2013.07.16"]

1. e4 c6 2. d4 d5 3. Nd2 dxe4 4. Nxe4 Bf5 5. Ng3 Bg6 6. Nf3 Nf6 7. h4 h6 8. h5
Bh7 9. Bd3 Bxd3 10. Qxd3 Nbd7 11. Be3 e6 12. O-O-O Bd6 13. Ne4 Nxe4 14. Qxe4
Nf6 15. Qd3 Qc7 16. Kb1 O-O-O 17. c4 Rhe8 18. Qc2 c5 19. d5 exd5 20. cxd5 Ne4
21. Rh4 1/2-1/2

[Event "VI Torneo IRT Cerrado Maspalomas 2013 Grupo B "]
[Site "San Bartolomé de Tirajana, Gran Canaria, España."]
[Date "2013.07.20"]
[Round "3.1"]
[White "Monzon Aleman, Ayoze"]
[Black "Suarez Fleitas, Alberto"]
[Result "1-0"]
[WhiteElo "1743"]
[BlackElo "1462"]
[PlyCount "0"]
[EventDate "2013.07.16"]

1. e4 c5 2. Nf3 Nc6 3. d4 cxd4 4. Nxd4 a6 5. Nc3 Nf6 6. Be3 e6 7. Be2 Be7 8.
O-O O-O 9. Qd2 d5 10. exd5 Nxd5 11. Rad1 Nxd4 12. Bxd4 Nf6 13. Qg5 h6 14. Qg3
Bd6 15. Bxf6 Bxg3 16. Bxd8 Be5 1-0

[Event "VI Torneo IRT Cerrado Maspalomas 2013 Grupo B "]
[Site "San Bartolomé de Tirajana, Gran Canaria, España."]
[Date "2013.07.20"]
[Round "3.2"]
[White "Gonzalez Acosta, Pablo"]
[Black "Jimenez Mendoza, Jose Miguel"]
[Result "1/2-1/2"]
[WhiteElo "1649"]
[BlackElo "1743"]
[PlyCount "0"]
[EventDate "2013.07.16"]

1. d4 Nf6 2. Nf3 g6 3. c4 Bg7 4. Nc3 d6 5. e4 O-O 6. Be2 Nbd7 7. O-O e5 8. d5
a6 9. b4 Ne8 10. Be3 f5 11. exf5 Rxf5 12. Bd3 Rf7 13. Bg5 Nef6 14. Ne4 Qf8 15.
Qd2 Nxe4 16. Bxe4 Nf6 17. Bxf6 Rxf6 18. Rac1 1/2-1/2

[Event "VI Torneo IRT Cerrado Maspalomas 2013 Grupo B "]
[Site "San Bartolomé de Tirajana, Gran Canaria, España."]
[Date "2013.07.20"]
[Round "3.3"]
[White "Monteiro Rodrigues, Carlos"]
[Black "Morales Sanchez, Domingo"]
[Result "1/2-1/2"]
[WhiteElo "1554"]
[BlackElo "1468"]
[PlyCount "0"]
[EventDate "2013.07.16"]

1. e4 c5 2. Nf3 d6 3. Nc3 Nc6 4. d4 cxd4 5. Nxd4 e6 6. Be3 Be7 7. Qd2 a6 8. Bd3
Nf6 9. f4 Qc7 10. O-O-O b5 11. Kb1 Nd7 12. Nxc6 Qxc6 13. Rhe1 Bb7 14. Bd4 Bf6
15. e5 dxe5 16. fxe5 Be7 17. Be4 Qc7 18. Bxb7 Qxb7 19. Ne4 O-O 20. Qf4 Nb6 21.
Nf6+ 1/2-1/2

[Event "VI Torneo IRT Cerrado Maspalomas 2013 Grupo B "]
[Site "San Bartolomé de Tirajana, Gran Canaria, España."]
[Date "2013.07.20"]
[Round "3.4"]
[White "Diaz Mendoza, Eladio"]
[Black "Perez Cardona, Jose Fernando"]
[Result "0-1"]
[WhiteElo "1520"]
[BlackElo "1471"]
[PlyCount "0"]
[EventDate "2013.07.16"]

1. e4 e5 2. d3 Nf6 3. Bg5 Be7 4. Ne2 d5 5. exd5 Nxd5 6. Bd2 Nc6 7. Ng3 O-O 8.
Be2 Nf6 9. O-O Nd4 10. c3 Nxe2+ 11. Qxe2 Bd6 12. Bg5 h6 13. Bxf6 Qxf6 14. Ne4
Qg6 15. Nbd2 Bf5 16. Nf3 Rfe8 17. Nh4 Qe6 18. Nxf5 Qxf5 19. Rad1 Rad8 20. a3 b6
21. b4 Bf8 22. Rd2 Rd7 23. Rfd1 Red8 24. Ng3 Qe6 25. c4 Be7 26. Ne4 f5 27. Nc3
Bg5 28. Rc2 e4 29. dxe4 Rxd1+ 30. Nxd1 Qxe4 31. Ne3 f4 32. Nd5 Qxe2 33. Rxe2 c6
34. Nc3 Bf6 35. h3 Bxc3 36. Re6 c5 37. b5 Rd4 38. Re7 Rxc4 39. Rxa7 Ba5 40.
Ra8+ Kh7 41. Rf8 Rd4 42. f3 c4 43. Rc8 c3 44. Kf1 Rd2 45. Rc4 0-1

[Event "VI Torneo IRT Cerrado Maspalomas 2013 Grupo B "]
[Site "San Bartolomé de Tirajana, Gran Canaria, España."]
[Date "2013.07.23"]
[Round "4.1"]
[White "Suarez Fleitas, Alberto"]
[Black "Perez Cardona, Jose Fernando"]
[Result "0-1"]
[WhiteElo "1462"]
[BlackElo "1471"]
[PlyCount "0"]
[EventDate "2013.07.16"]

1. e4 e5 2. Nf3 Nf6 3. d3 Nc6 4. Bg5 Be7 5. Be2 d5 6. exd5 Nxd5 7. Bxe7 Qxe7 8.
O-O O-O 9. Qd2 Bg4 10. Re1 Qf6 11. Nc3 Nxc3 12. Qxc3 Rfe8 13. Nd2 Bf5 14. a4
Qg6 15. Bf3 Bd7 16. b4 a6 17. b5 axb5 18. axb5 Rxa1 19. Rxa1 Nd4 20. Qxc7 Bxb5
21. Re1 Nxf3+ 22. Nxf3 Bc6 23. Nh4 Qg4 24. g3 g5 25. f3 Qd4+ 26. Kf1 gxh4 27.
gxh4 Qxh4 0-1

[Event "VI Torneo IRT Cerrado Maspalomas 2013 Grupo B "]
[Site "San Bartolomé de Tirajana, Gran Canaria, España."]
[Date "2013.07.23"]
[Round "4.2"]
[White "Morales Sanchez, Domingo"]
[Black "Diaz Mendoza, Eladio"]
[Result "1/2-1/2"]
[WhiteElo "1468"]
[BlackElo "1520"]
[PlyCount "0"]
[EventDate "2013.07.16"]

1. c4 e6 2. Nc3 Ne7 3. d4 Ng6 4. Nf3 d6 5. g3 Be7 6. Bg2 c6 7. a3 Nd7 8. b4 Nb6
9. Qb3 O-O 10. O-O d5 11. c5 Nd7 12. Bb2 f5 13. e3 Nf6 14. Rfd1 Qc7 15. a4 Bd7
16. b5 Ne4 17. Nd2 Bg5 18. Ndxe4 fxe4 19. b6 axb6 20. cxb6 Qd8 21. Rf1 Rf7 22.
Nd1 Ne7 23. a5 Nc8 24. Bc3 Nd6 25. Bb4 Nc4 26. Ra2 Be7 27. Bxe4 Bxb4 28. Qxb4
Nxb6 29. Bg2 Nc4 30. Nc3 Rxa5 31. Rfa1 Rxa2 32. Rxa2 Bc8 33. e4 h6 34. exd5
exd5 35. Re2 Kh7 36. Nd1 Qf6 37. Qc3 Bg4 38. f3 Bxf3 39. Rf2 Qd6 40. Rxf3 Re7
41. Ne3 Nxe3 42. Rxe3 Rc7 43. Re8 Qg6 44. Re1 Rf7 45. Bf1 Qf6 46. Bd3+ g6 47.
Rf1 Qe6 48. Rxf7+ Qxf7 49. Qd2 Qf6 50. Qf2 Qe6 51. Kg2 b5 52. Qf4 h5 53. Qe5
Qg4 54. Qe7+ Kh6 55. Qf8+ Kh7 56. Qf7+ Kh6 57. Qf4+ Qxf4 58. gxf4 b4 1/2-1/2

[Event "VI Torneo IRT Cerrado Maspalomas 2013 Grupo B "]
[Site "San Bartolomé de Tirajana, Gran Canaria, España."]
[Date "2013.07.23"]
[Round "4.3"]
[White "Jimenez Mendoza, Jose Miguel"]
[Black "Monteiro Rodrigues, Carlos"]
[Result "1-0"]
[WhiteElo "1743"]
[BlackElo "1554"]
[PlyCount "0"]
[EventDate "2013.07.16"]

1. e4 e5 2. Nf3 Nc6 3. Bb5 a6 4. Ba4 Nf6 5. O-O Be7 6. Re1 b5 7. Bb3 O-O 8. c3
d5 9. exd5 Nxd5 10. Nxe5 Nxe5 11. Rxe5 Nf6 12. d4 Bd6 13. Re1 Ng4 14. h3 Qh4
15. Qf3 Nxf2 16. Re8 Bb7 17. Rxf8+ Rxf8 18. Qxf2 Bh2+ 19. Kf1 Bg3 20. Qe2 Qf6+
21. Kg1 Bc6 22. Nd2 Re8 23. Ne4 Rxe4 24. Be3 Qe7 25. Rf1 Be8 26. Rf3 Bf4 27.
Kf2 Qh4+ 28. g3 Qxh3 29. gxf4 Qh2+ 30. Ke1 Qh1+ 31. Kd2 Bd7 32. Rf1 Qh4 33. Qf3
Qe7 34. Bd5 Rxe3 35. Qxe3 Qh4 36. Re1 1-0

[Event "VI Torneo IRT Cerrado Maspalomas 2013 Grupo B "]
[Site "San Bartolomé de Tirajana, Gran Canaria, España."]
[Date "2013.07.23"]
[Round "4.4"]
[White "Monzon Aleman, Ayoze"]
[Black "Gonzalez Acosta, Pablo"]
[Result "1/2-1/2"]
[WhiteElo "1743"]
[BlackElo "1649"]
[PlyCount "0"]
[EventDate "2013.07.16"]

1. e4 c5 2. Nf3 d6 3. d4 cxd4 4. Nxd4 Nf6 5. Nc3 g6 6. Be3 Bg7 7. Be2 a6 8. O-O
O-O 9. f4 Nc6 10. Nf3 b5 11. a3 Ng4 12. Bd4 Nxd4 13. Nxd4 Ne3 1/2-1/2

[Event "VI Torneo IRT Cerrado Maspalomas 2013 Grupo B "]
[Site "San Bartolomé de Tirajana, Gran Canaria, España."]
[Date "2013.07.25"]
[Round "5.1"]
[White "Gonzalez Acosta, Pablo"]
[Black "Suarez Fleitas, Alberto"]
[Result "0-1"]
[WhiteElo "1649"]
[BlackElo "1462"]
[PlyCount "0"]
[EventDate "2013.07.16"]

1. d4 c6 2. Nf3 d5 3. h3 Bf5 4. Bf4 Nf6 5. e3 Nbd7 6. c4 dxc4 7. Bxc4 e6 8. O-O
Be7 9. Nbd2 O-O 10. Rc1 c5 11. Nb3 cxd4 12. Nbxd4 Nb6 13. Nxf5 exf5 14. Bb3
Qxd1 15. Rfxd1 Rac8 16. Ne5 Rxc1 17. Rxc1 Nfd5 18. Bg3 Bf6 19. Rc5 Rd8 20. a4
Be7 21. Rb5 Kf8 22. Bxd5 Rxd5 23. Rxd5 Nxd5 24. Nc4 g5 25. Bd6 h5 26. Kf1 f6
27. Ke2 Ke8 28. Kd3 Kd7 29. Bxe7 Kxe7 30. f3 Ke6 31. g3 f4 32. gxf4 gxf4 33. e4
Nb4+ 34. Kc3 Nc6 35. b4 b6 36. a5 bxa5 37. Nxa5 Ne5 38. b5 Nxf3 39. Nc6 Ng5 40.
Kd4 Kd7 41. Kd5 f3 0-1

[Event "VI Torneo IRT Cerrado Maspalomas 2013 Grupo B "]
[Site "San Bartolomé de Tirajana, Gran Canaria, España."]
[Date "2013.07.25"]
[Round "5.2"]
[White "Monteiro Rodrigues, Carlos"]
[Black "Monzon Aleman, Ayoze"]
[Result "0-1"]
[WhiteElo "1554"]
[BlackElo "1743"]
[PlyCount "0"]
[EventDate "2013.07.16"]

1. e4 e5 2. Nf3 d6 3. d4 exd4 4. Qxd4 Nc6 5. Bb5 Bd7 6. Bxc6 Bxc6 7. Nc3 Qd7 8.
h3 O-O-O 9. Qxa7 Qe6 10. Nd4 Qc4 11. Nxc6 Qxc6 12. O-O Nf6 13. Re1 h6 14. Bf4
g5 15. Bh2 g4 16. h4 Re8 17. e5 Nh5 18. g3 d5 19. Nxd5 Bc5 20. Ne7+ Bxe7 21.
Qa8+ Kd7 22. e6+ fxe6 23. Qa5 Ng7 24. Qe5 Nf5 25. c4 Kc8 26. Qa5 Kb8 27. b4 Nd4
28. Re3 Nf3+ 29. Rxf3 Qxf3 0-1

[Event "VI Torneo IRT Cerrado Maspalomas 2013 Grupo B "]
[Site "San Bartolomé de Tirajana, Gran Canaria, España."]
[Date "2013.07.25"]
[Round "5.3"]
[White "Diaz Mendoza, Eladio"]
[Black "Jimenez Mendoza, Jose Miguel"]
[Result "1-0"]
[WhiteElo "1520"]
[BlackElo "1743"]
[PlyCount "0"]
[EventDate "2013.07.16"]

1. e4 e5 2. d3 h6 3. Ne2 d5 4. exd5 Qxd5 5. Nbc3 Bb4 6. Bd2 Bxc3 7. Bxc3 c5 8.
f3 Nc6 9. Ng3 Be6 10. Be2 Nge7 11. O-O Nf5 12. Nxf5 Bxf5 13. Qd2 g5 14. b3 Ne7
15. Rad1 Ng6 16. Qe3 f6 17. Rd2 O-O-O 18. Rfd1 Rde8 19. Bb2 Nf4 20. Bf1 h5 21.
c4 Qc6 22. a3 Ne6 23. b4 Nd4 24. b5 Qd6 25. a4 Be6 26. Bxd4 exd4 27. Qf2 Bf5
28. Re2 Rxe2 29. Qxe2 Bg6 30. Qd2 Re8 31. Re1 Re5 32. Qf2 Qe6 33. Rxe5 Qxe5 34.
Qe2 Qd6 35. g3 f5 36. Qd2 f4 37. gxf4 gxf4 38. a5 Qe5 39. Qe2 Qe3+ 40. Qxe3
fxe3 41. Kg2 Kd7 42. Kg3 Ke6 43. Kf4 Kf6 44. h4 Bf5 45. Be2 a6 46. b6 Bh3 47.
Kg3 Bd7 48. Kf4 Ba4 49. Kg3 Kf5 50. f4 Ke6 51. f5+ Kxf5 52. Bxh5 Bc2 53. Be2
Bb1 54. Kf3 Bc2 55. Bf1 Bd1+ 56. Kg3 Ke5 57. Bg2 Be2 58. Bxb7 Bxd3 59. Bxa6 Kd6
60. Bb5 Be4 61. a6 d3 62. b7 Kc7 63. Ba4 Kb6 1-0

[Event "VI Torneo IRT Cerrado Maspalomas 2013 Grupo B "]
[Site "San Bartolomé de Tirajana, Gran Canaria, España."]
[Date "2013.07.25"]
[Round "5.4"]
[White "Perez Cardona, Jose Fernando"]
[Black "Morales Sanchez, Domingo"]
[Result "1/2-1/2"]
[WhiteElo "1471"]
[BlackElo "1468"]
[PlyCount "0"]
[EventDate "2013.07.16"]

1. d4 d5 2. Nf3 Nf6 3. c4 e6 4. cxd5 exd5 5. Bg5 Be7 6. e3 b6 7. Nc3 O-O 8. Bd3
Bb7 9. Qc2 h6 10. Bh4 a6 11. O-O Nbd7 12. Rab1 Rc8 13. b4 b5 14. a4 c6 15. Bf5
Ra8 16. axb5 cxb5 17. Ne5 Nxe5 18. dxe5 Ne8 19. Bg3 Nc7 20. Qb3 Bc8 1/2-1/2

[Event "VI Torneo IRT Cerrado Maspalomas 2013 Grupo B "]
[Site "San Bartolomé de Tirajana, Gran Canaria, España."]
[Date "2013.07.27"]
[Round "6.1"]
[White "Suarez Fleitas, Alberto"]
[Black "Morales Sanchez, Domingo"]
[Result "1/2-1/2"]
[WhiteElo "1462"]
[BlackElo "1468"]
[PlyCount "0"]
[EventDate "2013.07.16"]

1. e4 c5 2. Nf3 Nc6 3. d4 cxd4 4. Nxd4 e5 5. Nb3 Nf6 6. Bg5 Be7 7. N1d2 a6 8.
Be2 O-O 9. O-O b5 10. c4 Rb8 11. Qc2 Qb6 12. Be3 Qb7 13. Rab1 Nb4 14. Qc3 d6
15. a3 Nc6 16. f3 Be6 17. cxb5 axb5 18. Rfc1 Rfc8 19. Na5 Nxa5 20. Qxa5 Bd7 21.
Qa7 Qxa7 22. Bxa7 Rb7 23. Rxc8+ Bxc8 24. Rc1 Be6 25. Be3 d5 1/2-1/2

[Event "VI Torneo IRT Cerrado Maspalomas 2013 Grupo B "]
[Site "San Bartolomé de Tirajana, Gran Canaria, España."]
[Date "2013.07.27"]
[Round "6.2"]
[White "Jimenez Mendoza, Jose Miguel"]
[Black "Perez Cardona, Jose Fernando"]
[Result "1-0"]
[WhiteElo "1743"]
[BlackElo "1471"]
[PlyCount "0"]
[EventDate "2013.07.16"]

1. e4 e5 2. Nf3 Nc6 3. Bb5 a6 4. Ba4 Nf6 5. O-O d6 6. Re1 b5 7. Bb3 Na5 8. d4
Nxb3 9. axb3 Bg4 10. dxe5 Bxf3 11. Qxf3 dxe5 12. Bg5 Bd6 13. Nc3 h6 14. Bxf6
Qxf6 15. Qxf6 gxf6 16. Nxb5 Ke7 17. Nxd6 cxd6 18. Red1 Rhc8 19. c3 Ke6 20. b4
f5 21. exf5+ Kxf5 22. Rxd6 f6 23. Raxa6 Rxa6 24. Rxa6 Rd8 25. Ra1 Rd2 26. Rb1
Ke6 27. Kf1 Kd6 28. b3 f5 29. Ke1 Ra2 30. Rd1+ Kc6 31. Rd2 Ra3 32. Ke2 Rxb3 33.
Kd3 Rb1 34. Kc4 h5 35. Re2 e4 36. f3 exf3 37. gxf3 h4 38. b5+ Kd6 39. Rd2+ Ke5
40. Rd4 h3 41. f4+ Ke6 42. Rd3 Rf1 43. Rxh3 Rxf4+ 44. Kc5 Re4 45. Rd3 f4 46. b6
Re5+ 47. Kc6 Rf5 48. b7 1-0

[Event "VI Torneo IRT Cerrado Maspalomas 2013 Grupo B "]
[Site "San Bartolomé de Tirajana, Gran Canaria, España."]
[Date "2013.07.27"]
[Round "6.3"]
[White "Monzon Aleman, Ayoze"]
[Black "Diaz Mendoza, Eladio"]
[Result "1-0"]
[WhiteElo "1743"]
[BlackElo "1520"]
[PlyCount "0"]
[EventDate "2013.07.16"]

1. e4 Nf6 2. e5 Nd5 3. Nf3 e6 4. d4 d6 5. c4 Nb6 6. Bd3 dxe5 7. Nxe5 Bb4+ 8.
Bd2 Bxd2+ 9. Qxd2 Qxd4 10. Nxf7 Rf8 11. Ng5 Qe5+ 12. Ne4 Nxc4 13. Qc3 Qxc3+ 14.
Nbxc3 Ne5 15. Rd1 Bd7 16. Nc5 Nxd3+ 17. Rxd3 b6 18. N5e4 Na6 19. O-O O-O-O 20.
a3 Bc6 21. Rfd1 Rxd3 22. Rxd3 h6 23. b4 Bxe4 24. Nxe4 Rf7 25. f3 Nb8 26. Kf2
Nc6 27. Rc3 Kb7 28. Ke3 Ne5 29. Nf2 Ng6 30. Nd3 Nh4 31. Kf2 Nf5 32. Ne5 Re7 33.
a4 g5 34. g4 Nd6 35. Ke3 Ne8 36. b5 Nf6 37. Kd4 Nd5 38. Rc1 Nf4 39. Rc2 Re8 40.
Nc6 Rf8 41. Rd2 Nd5 42. Ke5 Rxf3 43. Kxe6 Ne3 44. Rd8 Rf6+ 45. Kxf6 1-0

[Event "VI Torneo IRT Cerrado Maspalomas 2013 Grupo B "]
[Site "San Bartolomé de Tirajana, Gran Canaria, España."]
[Date "2013.07.27"]
[Round "6.4"]
[White "Gonzalez Acosta, Pablo"]
[Black "Monteiro Rodrigues, Carlos"]
[Result "1-0"]
[WhiteElo "1649"]
[BlackElo "1554"]
[PlyCount "0"]
[EventDate "2013.07.16"]

1. d4 Nf6 2. Nf3 d5 3. e3 Bg4 4. Nbd2 e6 5. h3 Bh5 6. c4 c6 7. Be2 Nbd7 8. O-O
Bd6 9. b3 O-O 10. Bb2 Bb8 11. Rc1 Qc7 12. Ne5 Bxe2 13. Qxe2 Ne4 14. Nxe4 dxe4
15. f4 f5 16. d5 Nc5 17. dxc6 g5 18. Qh5 Qd8 19. Nd7 Nxd7 20. cxb7 Nb6 21.
bxa8=Q Nxa8 22. fxg5 Qd2 23. Bd4 Rf7 24. g6 Rg7 25. gxh7+ 1-0

[Event "VI Torneo IRT Cerrado Maspalomas 2013 Grupo B "]
[Site "San Bartolomé de Tirajana, Gran Canaria, España."]
[Date "2013.07.30"]
[Round "7.1"]
[White "Monteiro Rodrigues, Carlos"]
[Black "Suarez Fleitas, Alberto"]
[Result "1/2-1/2"]
[WhiteElo "1554"]
[BlackElo "1462"]
[PlyCount "0"]
[EventDate "2013.07.16"]

1. d4 d5 2. Nc3 Nc6 3. Nf3 Nf6 4. Bg5 Bg4 5. Bxf6 exf6 6. h3 Bxf3 7. exf3 Bb4
8. Bb5 Bxc3+ 9. bxc3 a6 10. Bxc6+ bxc6 11. Rb1 O-O 12. O-O Rb8 13. Qe2 Rb5 14.
Rb3 Re8 15. Qd3 Qd7 1/2-1/2

[Event "VI Torneo IRT Cerrado Maspalomas 2013 Grupo B "]
[Site "San Bartolomé de Tirajana, Gran Canaria, España."]
[Date "2013.07.30"]
[Round "7.2"]
[White "Diaz Mendoza, Eladio"]
[Black "Gonzalez Acosta, Pablo"]
[Result "1/2-1/2"]
[WhiteElo "1520"]
[BlackElo "1649"]
[PlyCount "0"]
[EventDate "2013.07.16"]

1. e4 c5 2. d3 d6 3. Ne2 Nf6 4. Ng3 Nc6 5. c3 e6 6. Be2 Be7 7. O-O O-O 8. f4 e5
9. f5 d5 10. Bg5 dxe4 11. Bxf6 Bxf6 12. dxe4 a6 13. Qb3 b5 14. Rd1 Qb6 15. Kh1
c4 16. Qc2 Bb7 17. Nd2 Rad8 18. Nf3 Qe3 19. Re1 Qc5 20. Nh5 Rd6 21. b4 cxb3 22.
axb3 Nd4 23. Nxf6+ Rxf6 24. Nxd4 exd4 25. c4 Qe5 26. Bd3 Rh6 27. h3 Rc8 28. Re2
b4 29. Rf1 a5 30. Ref2 Ba6 31. Qa2 Bb7 32. Rf4 Ra8 33. Rg4 Bc6 34. Qd2 Qf6 35.
Qf4 Re8 36. Re1 Re5 37. Qf2 1/2-1/2

[Event "VI Torneo IRT Cerrado Maspalomas 2013 Grupo B "]
[Site "San Bartolomé de Tirajana, Gran Canaria, España."]
[Date "2013.07.30"]
[Round "7.3"]
[White "Perez Cardona, Jose Fernando"]
[Black "Monzon Aleman, Ayoze"]
[Result "1-0"]
[WhiteElo "1471"]
[BlackElo "1743"]
[PlyCount "0"]
[EventDate "2013.07.16"]

1. e4 e5 2. Nf3 Nc6 3. Bc4 h6 4. c3 Nf6 5. d3 Bc5 6. b4 Bb6 7. b5 Na5 8. Nxe5
O-O 9. O-O d6 10. Nxf7 Rxf7 11. Bxf7+ Kxf7 12. Be3 Bg4 13. Qc2 c5 14. bxc6 Nxc6
15. Bxb6 Qxb6 16. Nd2 Ke7 17. Rab1 Qa6 18. d4 Be2 19. Rfe1 Bd3 20. Rxb7+ Qxb7
21. Qxd3 Rf8 22. e5 dxe5 23. dxe5 Ng4 24. Qd6+ Ke8 25. Qe6+ Ne7 26. Qxg4 Qc6
27. Rb1 Kf7 28. Qf3+ Kg8 29. Qxc6 Nxc6 30. Nf3 Re8 31. Rb7 Nxe5 32. Nxe5 Rxe5
33. Kf1 Ra5 34. Rb2 Kf7 35. c4 Kf6 36. Rc2 Rc5 37. f3 a5 38. Ke2 Ke5 39. Kd3
Rc7 40. c5 Kd5 41. c6 a4 1-0

[Event "VI Torneo IRT Cerrado Maspalomas 2013 Grupo B "]
[Site "San Bartolomé de Tirajana, Gran Canaria, España."]
[Date "2013.07.30"]
[Round "7.4"]
[White "Morales Sanchez, Domingo"]
[Black "Jimenez Mendoza, Jose Miguel"]
[Result "0-1"]
[WhiteElo "1468"]
[BlackElo "1743"]
[PlyCount "0"]
[EventDate "2013.07.16"]

1. c4 f5 2. Nc3 Nf6 3. d3 e6 4. g3 c6 5. Bg2 Be7 6. Nf3 d5 7. O-O Nbd7 8. a3
O-O 9. Rb1 Qe8 10. b4 dxc4 11. dxc4 Nb6 12. Qb3 Bd7 13. Be3 Bd8 14. Rfd1 Bc7
15. Bc5 Rf7 16. Ng5 e5 17. Nxf7 Qxf7 18. Bxb6 axb6 19. b5 Be6 20. bxc6 Bxc4 21.
Qb2 e4 22. cxb7 Rb8 23. Nb5 Bxb5 24. Qxb5 Rxb7 25. Qb3 Qxb3 26. Rxb3 Kf7 27.
Rc1 Nd5 28. Bf1 Ke6 29. e3 Kf6 30. Bb5 Ra7 31. a4 Kg5 32. Rd1 Nf6 33. Rc3 h5
34. Kg2 h4 35. Kh3 Be5 36. Rc2 hxg3 37. hxg3 g6 38. Rc6 Ng4 39. Kg2 Rh7 40. Rh1
Rb7 41. f4+ exf3+ 42. Kxf3 Rb8 43. Rc4 Rd8 44. Re1 Rd2 45. Re2 Nh2+ 46. Kf2
Bxg3+ 47. Kxg3 Rxe2 48. Rc6 Rb2 49. Rxb6 Ng4 50. Rd6 Nxe3 51. Be8 Nf1+ 52. Kf3
Nd2+ 0-1

[Event "VI IRT MASPALOMAS 2013 GRP C"]
[Site "?"]
[Date "2013.07.18"]
[Round "2.4"]
[White "Fernandez Arce, Aketza"]
[Black "Harrktter Martin, Michael"]
[Result "1-0"]
[WhiteElo "1400"]
[BlackElo "1383"]
[PlyCount "51"]
[EventDate "2013.07.16"]
[SourceDate "2013.07.14"]

1. e4 e5 2. Nf3 d6 3. Nc3 c6 4. Bc4 Be7 5. O-O Nf6 6. Ng5 O-O 7. d4 exd4 8.
Qxd4 d5 9. exd5 Nxd5 10. Nf3 Bf6 11. Qd3 Nxc3 12. Qxd8 Rxd8 13. bxc3 Bxc3 14.
Rb1 b5 15. Bd3 f6 16. Bf4 Nd7 17. Be4 Bb7 18. Rfd1 Nc5 19. Bf5 g6 20. Bc7 Rxd1+
21. Rxd1 gxf5 22. Nh4 Ne6 23. Bd6 Rd8 24. Nxf5 Ng7 25. Nh6+ Kh8 26. Nf7+ 1-0

[Event "VI IRT MASPALOMAS 2013 GRP C"]
[Site "?"]
[Date "2013.07.23"]
[Round "4.3"]
[White "Fernandez Arce, Aktza"]
[Black "Garcia Almeida, Aitana"]
[Result "1-0"]
[WhiteElo "1400"]
[BlackElo "1060"]
[PlyCount "94"]
[EventDate "2013.07.16"]
[SourceDate "2013.07.14"]

1. e4 e5 2. Nf3 Nc6 3. Bb5 d6 4. Bxc6+ bxc6 5. h3 Nf6 6. Nc3 Be7 7. d3 h6 8.
Be3 d5 9. exd5 cxd5 10. Ne2 d4 11. Bd2 Bd6 12. O-O Bb7 13. Ng3 O-O 14. Re1 Bxf3
15. Qxf3 Rb8 16. b3 Re8 17. Nf5 Bf8 18. Qg3 Kh7 19. Rxe5 Rxe5 20. Qxe5 Qd7 21.
Nxh6 Re8 22. Qf5+ Qxf5 23. Nxf5 Nd5 24. Nxd4 g6 25. Kf1 Bg7 26. c3 Bxd4 27.
cxd4 f6 28. Re1 Rxe1+ 29. Kxe1 g5 30. Ke2 Kg6 31. Kf3 Kh5 32. Ke4 c6 33. Kf5
Nf4 34. Bxf4 gxf4 35. Kxf4 Kg6 36. b4 a6 37. Ke4 f5+ 38. Ke5 Kg5 39. Kd6 Kf6
40. Kxc6 f4 41. d5 Ke5 42. d6 Kd4 43. d7 Kxd3 44. d8=Q+ Ke2 45. Kb6 Kxf2 46. g3
Kxg3 47. Qd3+ f3 1-0

[Event "VI IRT MASPALOMAS 2013 GRP C"]
[Site "?"]
[Date "2013.07.20"]
[Round "4.4"]
[White "Haarkotter Martin, Michael"]
[Black "Molina Rosa, Cecilio"]
[Result "1-0"]
[WhiteElo "1383"]
[BlackElo "1321"]
[PlyCount "81"]
[EventDate "2013.07.16"]
[SourceDate "2013.07.14"]

1. e4 e5 2. Nf3 Nc6 3. Nc3 Nf6 4. d3 Bc5 5. Be2 d6 6. O-O Bg4 7. Na4 Nd4 8.
Nxd4 Bxe2 9. Nxe2 Ng4 10. Nxc5 dxc5 11. Ng3 Nf6 12. Bg5 g6 13. Qf3 Rg8 14. Bxf6
Qd6 15. Bg5 h5 16. Qe2 f6 17. Bd2 O-O-O 18. f4 Qd4+ 19. Be3 Qxb2 20. f5 h4 21.
Nh1 g5 22. Bxc5 Qb5 23. Be7 Qb6+ 24. Qf2 Rd4 25. c3 Rxd3 26. Qxb6 cxb6 27. Bxf6
Rxc3 28. Bxe5 Rc5 29. Rac1 Rxc1 30. Rxc1+ Kd7 31. Rc7+ Ke8 32. Rc8+ Kf7 33.
Rxg8 Kxg8 34. g3 h3 35. g4 Kf7 36. Nf2 b5 37. Nxh3 a5 38. Nxg5+ Ke7 39. h4 b4
40. h5 Kf8 41. h6 1-0

[Event "VI IRT MASPALOMAS 2013 GRP C"]
[Site "?"]
[Date "2013.07.25"]
[Round "5.2"]
[White "Garcia Almeida, Aitana"]
[Black "Haarkotter Martin, Michael"]
[Result "1-0"]
[WhiteElo "1060"]
[BlackElo "1383"]
[PlyCount "33"]
[EventDate "2013.07.16"]
[SourceDate "2013.07.14"]

1. e4 e5 2. Nf3 Nc6 3. Bc4 Be7 4. d3 Na5 5. Nxe5 Nxc4 6. Nxc4 Nf6 7. O-O O-O 8.
Nbd2 b5 9. Ne3 Re8 10. e5 Bb7 11. exf6 Bxf6 12. Nf3 c6 13. Ng4 d5 14. Nxf6+
gxf6 15. Bh6 c5 16. Nh4 d4 17. Qg4+ 1-0

[Event "VI IRT MASPALOMAS 2013 GRP C"]
[Site "?"]
[Date "2013.08.27"]
[Round "6.4"]
[White "Molina Rosa, Cecilio"]
[Black "Garcia Almeida, Aitana"]
[Result "0-1"]
[WhiteElo "1321"]
[BlackElo "1060"]
[PlyCount "110"]
[EventDate "2013.07.16"]
[SourceDate "2013.07.14"]

1. e4 e5 2. Nf3 Nc6 3. Nc3 Bc5 4. Bc4 Nf6 5. d3 h6 6. a3 O-O 7. O-O d6 8. Rb1
Bg4 9. h3 Bxf3 10. Qxf3 Nd4 11. Qd1 Ne6 12. b4 Bd4 13. Ne2 d5 14. exd5 Nxd5 15.
Nxd4 Nc3 16. Qg4 Nxb1 17. Bxh6 Qf6 18. Nf5 g6 19. Bxf8 Nxf8 20. Nh6+ Kh7 21.
Nxf7 Nd2 22. Ng5+ Kg7 23. Ne6+ Nxe6 24. Bxe6 Nxf1 25. Kxf1 Rf8 26. f3 Qf4 27.
Qxf4 Rxf4 28. Ke2 Rf8 29. Bd5 c6 30. Be4 Kh6 31. c3 g5 32. g4 Kg7 33. Kf2 Ra8
34. a4 a5 35. b5 cxb5 36. Bxb7 Rb8 37. Bc6 bxa4 38. Bxa4 Rc8 39. c4 Rb8 40. c5
Rb1 41. c6 Rc1 42. Ke2 Rc5 43. Ke3 Rc3 44. Kd2 Rc5 45. Ke3 Kf8 46. Ke4 Ke7 47.
Kf5 Kd8 48. Kxg5 e4+ 49. Kf4 exd3 50. h4 Rc4+ 51. Ke3 Rxa4 52. Kxd3 Ra3+ 53.
Kc2 Rxf3 54. h5 Rh3 55. Kb2 Kc7 0-1